La Huit Planetes - Statistiques

Statistiques générales
  • Ce quiz a été pris 215 fois
  • Le résultat moyen est 8 sur 8
Statistiques - réponses
Planete % Correct
Mars
99%
Terre
99%
Jupiter
97%
Venus
97%
Saturne
95%
Uranus
95%
Mercure
91%
Neptune
89%
Aucun quiz correspondant
Distribution des résultats
% des personnes avec chaque résultat
Percentile par nombre de réponses
Votre historique - résultats
Vous n’avez pas pris ce quiz